Residential service charge accounts (Record no. 83876)
[ view plain ]
| 000 -LEADER | |
|---|---|
| fixed length control field | 01453cad a22002895a 4500 |
| 001 - CONTROL NUMBER | |
| control field | L155539 |
| 008 - FIXED-LENGTH DATA ELEMENTS--GENERAL INFORMATION | |
| fixed length control field | 120327e2011 xxk 000 0 eng d |
| 020 ## - INTERNATIONAL STANDARD BOOK NUMBER | |
| International Standard Book Number | 9780857604347 |
| 035 ## - SYSTEM CONTROL NUMBER | |
| System control number | (Sirsi) u155539 |
| 041 0# - LANGUAGE CODE | |
| Language code of text/sound track or separate title | eng |
| 110 2# - MAIN ENTRY--CORPORATE NAME | |
| Corporate name or jurisdiction name as entry element | Association of Chartered Certified Accountants |
| 9 (RLIN) | 4293 |
| 245 00 - TITLE STATEMENT | |
| Title | Residential service charge accounts |
| Remainder of title | |
| Medium | [electronic resource] |
| 260 ## - PUBLICATION, DISTRIBUTION, ETC. | |
| Place of publication, distribution, etc. | London |
| Name of publisher, distributor, etc. | ICAEW |
| Date of publication, distribution, etc. | 2011 |
| 490 ## - SERIES STATEMENT | |
| Series statement | ICAEW Technical Release 03/11 |
| 520 ## - SUMMARY, ETC. | |
| Summary, etc. | Guidance on accounting and reporting in relation to service charge accounts for residential properties on which variable service charges are paid in accordance with a lease or tenancy agreement. To be used in conjunction with RICS Service Charge Residential Management Code 2nd edition. |
| 590 ## - LOCAL NOTE (RLIN) | |
| Local note | KA |
| 650 24 - SUBJECT ADDED ENTRY--TOPICAL TERM | |
| Topical term or geographic name entry element | SERVICE CHARGE RESIDENTIAL MANAGEMENT CODE |
| 651 #4 - SUBJECT ADDED ENTRY--GEOGRAPHIC NAME | |
| Geographic name | England |
| Chronological subdivision | 886- |
| 690 ## - LOCAL SUBJECT ADDED ENTRY--TOPICAL TERM (OCLC, RLIN) | |
| Topical term or geographic name as entry element | Landlord and tenant |
| 9 (RLIN) | 6252 |
| 690 ## - LOCAL SUBJECT ADDED ENTRY--TOPICAL TERM (OCLC, RLIN) | |
| Topical term or geographic name as entry element | Residential property |
| 9 (RLIN) | 6266 |
| 710 ## - ADDED ENTRY--CORPORATE NAME | |
| Corporate name or jurisdiction name as entry element | Institute of Chartered Accountants of Scotland |
| 9 (RLIN) | 2457 |
| 710 ## - ADDED ENTRY--CORPORATE NAME | |
| Corporate name or jurisdiction name as entry element | Institute of Chartered Accountants in England and Wales |
| 9 (RLIN) | 2450 |
| 710 ## - ADDED ENTRY--CORPORATE NAME | |
| Corporate name or jurisdiction name as entry element | Royal Institution of Chartered Surveyors |
| 9 (RLIN) | 4900 |
| 710 ## - ADDED ENTRY--CORPORATE NAME | |
| Corporate name or jurisdiction name as entry element | Assocation of Residential Managing Agents |
| 9 (RLIN) | 6032 |
| 856 40 - ELECTRONIC LOCATION AND ACCESS | |
| Uniform Resource Identifier | <a href="https://www.icaew.com/en/about-icaew/what-we-do/~/media/Files/Technical/technical-releases/legal-and-regulatory/tech-03-11-residential-service-charge-accounts.ashx">https://www.icaew.com/en/about-icaew/what-we-do/~/media/Files/Technical/technical-releases/legal-and-regulatory/tech-03-11-residential-service-charge-accounts.ashx</a> |
| Public note | View the item free of charge at www.icaew.com |
| 942 ## - ADDED ENTRY ELEMENTS (KOHA) | |
| Suppress in OPAC | 0 |
| Withdrawn status | Lost status | Source of classification or shelving scheme | Damaged status | Not for loan | Home library | Current library | Shelving location | Date acquired | Total Checkouts | Full call number | Barcode | Date last seen | Copy number | Price effective from | Koha item type |
|---|---|---|---|---|---|---|---|---|---|---|---|---|---|---|---|
| Dewey Decimal Classification | Virtual | Virtual | Online | 27/03/2012 | ONLINE PUBLICATION | 155539-2001 | 06/08/2019 | 1 | 06/08/2019 | Book |